|
|
|
|
| LEADER |
01505nam a22002417a 4500 |
| 001 |
30641 |
| 003 |
BD-DhAAL |
| 005 |
20241121115807.0 |
| 008 |
151201s1991 bg ||||| |||| 00| 0 eng d |
| 040 |
|
|
|a BD-DhAAL
|c BD-DhAAL
|
| 082 |
|
|
|2 22
|a 375
|
| 245 |
|
|
|a ব্যবহারিক শিক্ষার পাঠলিপি ও অনুশীলন,
|n দ্বিতীয় পর্ব /
|
| 260 |
|
|
|a ঢাকা :
|b ব্রাক,
|c ১৯৯১.
|
| 300 |
|
|
|a ৩৫ পৃষ্টা :
|b চিত্র ;
|c ২৫ সে. মি.
|
| 541 |
|
|
|a Complimentary copy from BRAC
|e 30641
|
| 650 |
|
|
|a Curriculum planning.
|9 10164
|
| 700 |
|
|
|a ব্রাক
|9 13613
|
| 852 |
|
|
|a Ayesha Abed Library
|c General Stacks
|
| 942 |
|
|
|2 ddc
|c BK
|
| 999 |
|
|
|c 36331
|d 36331
|
| 952 |
|
|
|0 0
|1 0
|2 ddc
|4 0
|6 375_000000000000000_BAB
|7 1
|9 57127
|a BRACUL
|b BRACUL
|c BRS
|d 2015-12-01
|e Complimentary copy from BRAC
|l 0
|o 375 BAB
|p 3010030641
|r 2015-12-01
|t 1
|w 2015-12-01
|y BK
|x Complimentary copy from BRAC; Price not available in register.
|
| 952 |
|
|
|0 0
|1 0
|2 ddc
|4 0
|6 375_000000000000000_BAB
|7 1
|9 57128
|a BRACUL
|b BRACUL
|c BRS
|d 2015-12-01
|e Complimentary copy from BRAC
|l 0
|o 375 BAB
|p 3010030642
|r 2015-12-01
|t 2
|w 2015-12-01
|y BK
|x Complimentary copy from BRAC; Price not available in register.
|
| 952 |
|
|
|0 0
|1 0
|2 ddc
|4 0
|6 375_000000000000000_BAB
|7 1
|9 57129
|a BRACUL
|b BRACUL
|c BRS
|d 2015-12-01
|e Complimentary copy from BRAC
|l 1
|o 375 BAB
|p 3010030643
|r 2025-12-30
|s 2025-03-23
|t 3
|w 2015-12-01
|y BK
|x Complimentary copy from BRAC; Price not available in register.
|